书目信息 |
| 题名: |
如何培养逻辑脑
|
|
| 作者: | 青蛙王子 , 宫曙光 编著 | |
| 分册: | ||
| 出版信息: | 北京 台海出版社 2017 |
|
| 页数: | 12,390页 | |
| 开本: | 23cm | |
| 丛书名: | ||
| 单 册: | ||
| 中图分类: | B80 | |
| 科图分类: | ||
| 主题词: | 逻辑思维--训练 | |
| 电子资源: | ||
| ISBN: | 978-7-5168-1250-1 | |
| 000 | 01048nam0 2200253 450 | |
| 001 | 5728 | |
| 005 | 20180529220708.25 | |
| 010 | @a978-7-5168-1250-1@dCNY39.80 | |
| 100 | @a20170524d2017 em y0chiy50 ea | |
| 101 | 0 | @achi |
| 102 | @aCN@b110000 | |
| 105 | @aa z 000yy | |
| 200 | 1 | @a如何培养逻辑脑@9ru he pei yang luo ji nao@dHow to train the logical brain@zeng@f青蛙王子,宫曙光编著 |
| 210 | @a北京@c台海出版社@d2017 | |
| 215 | @a12,390页@c图@d23cm | |
| 300 | @a畅销大全系列 | |
| 330 | @a《如何培养逻辑脑》介绍了七种常用的逻辑思维方法,配合精挑细选的近1000个世界经典思维训练题目,为全方位培养和训练你的逻辑思维能力专门设计,激发推理潜能、扩展想象空间、活跃思维,帮你掌握正确的逻辑思维方法,提升逻辑思维能力。让大家冲破思维定式,从不同的角度看问题,并养成用逻辑思维去思考问题的习惯。 | |
| 510 | 1 | @aHow to train the logical brain@zeng |
| 606 | 0 | @a逻辑思维@x训练 |
| 690 | @aB80@v5 | |
| 701 | 0 | @a青蛙王子@9qing wa wang zi@4编著 |
| 701 | 0 | @a宫曙光@9gong shu guang@4编著 |
| 801 | 0 | @aCN@b91MARC@c20170524 |
| 905 | @aMuseLib@dB80@e107 | |
| 如何培养逻辑脑=How to train the logical brain/青蛙王子,宫曙光编著.-北京:台海出版社,2017 |
| 12,390页:图;23cm |
| 畅销大全系列 |
| ISBN 978-7-5168-1250-1:CNY39.80 |
| 《如何培养逻辑脑》介绍了七种常用的逻辑思维方法,配合精挑细选的近1000个世界经典思维训练题目,为全方位培养和训练你的逻辑思维能力专门设计,激发推理潜能、扩展想象空间、活跃思维,帮你掌握正确的逻辑思维方法,提升逻辑思维能力。让大家冲破思维定式,从不同的角度看问题,并养成用逻辑思维去思考问题的习惯。 |
| ● |
| 相关链接 |
|
|
|
|
正题名:如何培养逻辑脑
索取号:B80/107
 
预约/预借
| 序号 | 登录号 | 条形码 | 馆藏地/架位号 | 状态 | 备注 |
| 1 | 1114606 | 211146062 | 第一样本阅览室/ [索取号:B80/107] | 在馆 | |
| 2 | 1114607 | 211146071 | 教育系资料室/ [索取号:B80/107] | 在馆 | |
| 3 | 1114608 | 211146080 | 教育系资料室/ [索取号:B80/107] | 在馆 | |
| 4 | 1114609 | 211146099 | 教育系资料室/ [索取号:B80/107] | 在馆 | |
| 5 | 1114610 | 211146106 | 第一借阅区/ [索取号:B80/107] | 在馆 | |
| 6 | 1114611 | 211146115 | 第一借阅区/ [索取号:B80/107] | 在馆 |